|
|
|
|
| LEADER |
00000nab a2200000 a 4500 |
| 001 |
vtls000536325 |
| 003 |
SK-MaSNL |
| 005 |
20260303005707.0 |
| 008 |
131029c1994 xo 0 slo |
| 015 |
|
|
|a SNBRB19rr/mm-uuuuu
|
| 035 |
|
|
|a CL0536463
|
| 040 |
|
|
|a SNKBUCL
|b slo
|c SNKBUCL
|e AACR2
|
| 041 |
0 |
|
|a slo
|
| 044 |
|
|
|a xo
|c SK
|
| 080 |
|
|
|a 808.54:061.3
|2 1981
|
| 100 |
1 |
|
|a Dubníček, Ján,
|d 1935-
|4 aut
|9 36942
|
| 245 |
1 |
0 |
|a Jubileum SAS-u
|b 30 úspešných rokov "Studia academica Slovaca" (SAS)
|c Ján Dubníček
|
| 650 |
0 |
7 |
|a Studia Academica Slovaca
|2 snkbucl
|9 7309
|
| 655 |
|
7 |
|a články z novín a časopisov
|2 snkbucl
|9 267496
|
| 773 |
0 |
|
|t Slovenské pohľady
|g Roč. 4+110, č. 12 (1994), s. 113-115
|
| 850 |
|
|
|a Slovenská národná knižnica v Martine
|a MTA001
|
| 852 |
|
|
|a SNK
|b KIS3GCP
|
| 958 |
|
|
|a RK
|
| 992 |
|
|
|a RBX
|
| 999 |
|
|
|c 1583883
|d 1585813
|